000 00950nam a2200313 a 4500
005 20200104041514.0
008 140221b1998 ck ||||| |||| 00| 0 spa d
040 _aCO-BoIAVH
_cCO-BoIAVH
041 _aspa
044 _ack
090 _aLB
_b00744
100 _aLópez, Luis Octavio
_99030
245 _aPlan nacional de desarrollo forestal
_bdocumento preliminar
260 _aBogotá
_bMinambiente
_c1998
300 _a2 vol.
505 _aVol. 1: Documento preliminar
505 _aVol.2: Documento final
650 _aDesarrollo forestal
_942222
650 _aConservación de biodiversidad
_9345
650 _aManejo sostenible
_942224
650 _aManejo forestal
_942225
650 _aRestauración ecológica
_942226
650 _aManejo de recursos
_93533
650 _aPlantaciones forestales
_992198
650 _aGestión ambiental
_992206
650 _aApoyo institucional
_97678
662 _aColombia
942 _cINFORME
_2z
999 _c759
_d759